000 01120nam0a2200337 4500
001 RU\NLR\BIBL_A\022609190
005 20260420052525.0
010 _a978-5-04-214602-2
_910000
021 _aRU
_bКН-П-25-039766
_9КН-П-25-3877
035 _a(NLR Aleph) 022609190
090 _a13682790
_c13682790
100 _a20250825d2025 u y0rusy50 ca
101 0 _arus
102 _aRU
105 _aa z 000ay
181 0 _ai3
_baxxe
182 0 _an
200 1 _aПрима
_e[роман]
_fНики Сью
203 _aТекст
_bвизуальный
_cнепосредственный
210 _aМосква
_cЭксмо, Freedom
_d2025
215 _a380, [1] с.
_cил.
_d21
225 1 _aYoung adult
_iНежные романы Ники Сью о первых чувствах
320 _aДр. произведения авт. на 2-й с.
333 _a18+
686 2 _aШ6(2=Р)8-440.4
700 1 _7ca
_8rus
_aСью
_bН.
_gНики
_9257782
_3RU\NLR\AUTH\770257838
942 _cBOOK
980 _aNB